000 00470nam a2200181Ia 4500
005 20250508151706.0
008 008 250505s9999 xx 000 0 eng d
037 _aTextual
040 _aFEDL
_beng
_cFEDL
041 _aeng
_2eng
084 _a950, WIN
_qFEDL
100 _aWint Guy
245 0 _aSpotlight on Asia
260 _aHarmodsworth, UK
_bPenguin books Ltd.
_c1955
300 _a221p
942 _cTEXL
_h950, WIN
999 _c1331465
_d1331465